| 000 | 00921cam a22002651 4500 | ||
|---|---|---|---|
| 001 | af 47007156 | ||
| 003 | DLC | ||
| 005 | 20260227110841.0 | ||
| 008 | 900531s1944 ne f 000 0 dut c | ||
| 010 | _aaf 47007156 | ||
| 035 | _a(OCoLC)21652917 | ||
| 040 |
_aHoover Library, Stanford Univ. _cCSt-H _dDLC |
||
| 042 | _apremarc | ||
| 050 | 0 | 0 |
_aD745.7.D8 _bR6 |
| 100 | 1 | _aRot, Jan. | |
| 245 | 1 | 0 | _aVijf, jaar hakenkruis over Nederland. |
| 260 |
_a[Amsterdam] _b"Paraat," _c1944/1945. |
||
| 300 |
_a[2] l., 49 plates, [11] p. _c20 cm. |
||
| 500 | _a"Tekeningen van Jan Rot ... Het woord ter inleiding en de verklarende bijschriften zijn van H. van de Weg." | ||
| 500 | _a"De tekeningen ... verschenen voor het merendeel in het illegale blad 'Paraat.'" | ||
| 650 | 0 |
_aWorld War, 1939-1945 _vHumor |
|
| 651 | 0 |
_aNetherlands _xHistory _yGerman occupation, 1940-1945. |
|
| 700 | 1 | _aWeg, H. van de. | |
| 730 | 0 | _aParaat. | |
| 999 |
_c3862 _d3862 |
||